| 000 | 00478nam a22001817a 4500 | ||
|---|---|---|---|
| 003 | BD-DhUL | ||
| 005 | 20161229150228.0 | ||
| 008 | 161229s1958 enk||||| |||| 00| 0 eng d | ||
| 040 |
_aBD-DhUL _cBD-DhUL |
||
| 082 |
_a804 _bHUE |
||
| 100 | 1 | 0 | _aHudson, Derek |
| 245 | 1 | 0 |
_aEnglish critical essays 20th century / _cDerek Hudson |
| 250 | _a2nd ed. | ||
| 260 |
_aLondon : _bOxford University Press, _c1958. |
||
| 300 | _a xv, 363p. | ||
| 650 | 4 | _aLiterature | |
| 942 |
_2ddc _cBK |
||
| 999 |
_c143927 _d143927 |
||